Sổ tay trắc địa công trình : Dùng cho kỹ sư các ngành xây dựng cơ bản

Để nắm bắt được và có khả năng thực hiện các nội dung công việc thuộc lĩnh vực xây dựng, người cán bộ kỹ thuật cần được trang bị kiến thức về Trắc Địa công trình xây dựng.

محفوظ في:
التفاصيل البيبلوغرافية
المؤلف الرئيسي: Phạm, Văn Chuyên
التنسيق: كتاب
اللغة:Undetermined
منشور في: Hà Nội Xây dựng 2010
الموضوعات:
الوسوم: إضافة وسم
لا توجد وسوم, كن أول من يضع وسما على هذه التسجيلة!
Thư viện lưu trữ: Trung tâm Học liệu Trường Đại học Cần Thơ
LEADER 00997nam a2200217Ia 4500
001 CTU_169135
008 210402s9999 xx 000 0 und d
020 |c 79000 
082 |a 624.15 
082 |b Ch527 
100 |a Phạm, Văn Chuyên 
245 0 |a Sổ tay trắc địa công trình : 
245 0 |b Dùng cho kỹ sư các ngành xây dựng cơ bản 
245 0 |c Phạm Văn Chuyên, Lê Văn Hưng, Phan Khang 
260 |a Hà Nội 
260 |b Xây dựng 
260 |c 2010 
520 |a Để nắm bắt được và có khả năng thực hiện các nội dung công việc thuộc lĩnh vực xây dựng, người cán bộ kỹ thuật cần được trang bị kiến thức về Trắc Địa công trình xây dựng. 
650 |a Engineering geology,Địa chất công trình 
904 |i Hai Y, Trọng Hiếu 
980 |a Trung tâm Học liệu Trường Đại học Cần Thơ